000 00914nam a22003017a 4500
003 CHAP
005 20220817041845.0
008 971013s1958 r 00010 d
010 _a26687
011 _a27659
035 _a31760
040 _cCHAP
082 _a338.9
_bE44
100 0 0 _aEkker, Martin H.
_936093
245 _aSeminario sobre la planeación económica y asuntos relacionados con ella
260 _aMéxico, D.F. :
_bEd. Cultura,
_c1958
300 _a244 p.
_b: ilus.
590 _aBATCH-UPD
_b10
_c20130110
_lUCH01
_h1025
590 _aBATCH-UPD
_b10
_c20130410
_lUCH01
_h0630
590 _aBATCH-UPD
_b10
_c20130914
_lUCH01
_h0530
590 _aCONVERSION
_b10
_c20130109
_lUCH01
_h1315
650 1 4 _aDesarrollo económico.
650 1 4 _aEconomía.
_935226
710 0 _aBanco de México.
_99829
901 _aBK
942 _cLIBRO
949 _a338.9 E44
_bBC
_cBPA
_d-73451
_eBPA
_h26307
_i31760
_si
999 _c26687
_d26687